[Event "HUN-ch U12"]
[Site "Celldoemoelk"]
[Date "2011.06.30"]
[Round "4"]
[White "Indig, Akos"]
[Black "Bege, Levente"]
[Result "0-1"]
[WhiteElo "1371"]
[BlackElo "1457"]
[PlyCount "52"]
[EventDate "2011.06.27"]
[EventType "swiss"]
[EventRounds "7"]
[EventCountry "HUN"]
[SourceTitle "EXT 2012"]
[Source "ChessBase"]
[SourceDate "2011.11.24"]
[SourceVersion "1"]
[SourceVersionDate "2011.11.24"]
[SourceQuality "1"]

1. c4 c6 2. g3 d5 3. cxd5 cxd5 4. Bg2 Nf6 5. Nc3 Nc6 6. d4 e6 7. Nf3 Bb4 8. 0-0 h6 9. a3 Bd6 10. Re1 0-0 11. Nb5 Be7 12. Nc3 a6 13. e4 dxe4 14. Nxe4 Qb6 15. Nxf6+ Bxf6 16. Re4 Rd8 17. Be3 Qxb2 18. Rb1 Qxa3 19. Qd2 Kh7 20. Rc1 Qb4 21. Qd3 Qb5 22. Rc4 Kg8 23. Rg4 Na5 24. Rc3 Qxd3 25. Rxd3 e5 26. Bxh6 Bxg4 0-1